000 00867nac a22002537a 4500
001 BR8703895
003 BR-BrBNA
005 20240105120518.0
008 230509b bl.|||m| |||| 00| 0 por d
040 _aBR-BrBNA
_bpor
_cBiblioteca Nacional de Agricultura
072 _aE14
090 _aE14 BR8703895
110 1 _aFundacao de Economia e Estatistica, Porto Alegre, RS (Brasil)
_94853
245 1 _aDesempenho da economia do Rio Grande do Sul 1986
260 3 _aPorto Alegre, RS (Brasil):
_c1986.
300 _a352 p.
490 _aIndicadores Economicos - Fundacao de Economia e Estatistica (Brazil)
_vv. 14(4)
_xISSN 0102-020X
500 _aBibliography p. 349-352 (120 ref.)
650 _aDESENVOLVIMENTO ECONOMICO
650 _aESTATISTICA
650 _aRIO GRANDE DO SUL
909 _a202312
_bLúcia Elande
_c55
_dLúcia Elande
942 _2AGRIS
_n0
_cMS
999 _c279866
_d279866